Pursuit of international criminal justice : (Record no. 5517)

MARC details
000 -LEADER
fixed length control field 03530cam a22004934a 4500
001 - CONTROL NUMBER
control field ocn497573622
003 - CONTROL NUMBER IDENTIFIER
control field TZ-ArACH
005 - DATE AND TIME OF LATEST TRANSACTION
control field 20200916011615.0
008 - FIXED-LENGTH DATA ELEMENTS--GENERAL INFORMATION
fixed length control field 100521s2010 be a b 000 0 eng d
010 ## - LIBRARY OF CONGRESS CONTROL NUMBER
LC control number 2010459016
015 ## - NATIONAL BIBLIOGRAPHY NUMBER
National bibliography number GBB182483
Source bnb
016 7# - NATIONAL BIBLIOGRAPHIC AGENCY CONTROL NUMBER
Record control number 015818939
Source Uk
020 ## - INTERNATIONAL STANDARD BOOK NUMBER
International Standard Book Number 9400000170
020 ## - INTERNATIONAL STANDARD BOOK NUMBER
International Standard Book Number 9789400000179
035 ## - SYSTEM CONTROL NUMBER
System control number (OCoLC)497573622
040 ## - CATALOGING SOURCE
Original cataloging agency YDXCP
Language of cataloging eng
Transcribing agency TZ-ArACH
042 ## - AUTHENTICATION CODE
Authentication code lccopycat
049 ## - LOCAL HOLDINGS (OCLC)
Holding library TZAA
050 00 - LIBRARY OF CONGRESS CALL NUMBER
Classification number KZ7139
Item number .P87 2010
245 04 - TITLE STATEMENT
Title Pursuit of international criminal justice :
Remainder of title a world study on conflicts, victimization, and post-conflict justice /
Statement of responsibility, etc edited by M. Cherif Bassiouni.
260 ## - PUBLICATION, DISTRIBUTION, ETC. (IMPRINT)
Place of publication, distribution, etc Antwerp ;
-- Portland [Or.] :
Name of publisher, distributor, etc Intersentia,
Date of publication, distribution, etc 2010.
300 ## - PHYSICAL DESCRIPTION
Extent Vol 1 of 2 volumes : xxix, 922 p.
Other physical details illustrations ;
Dimensions 24 cm
500 ## - GENERAL NOTE
General note "The international guidelines developed and contained in this publication are referred to as the Chicago Principles on Post-Conflict Justice"--Vol. 1, p. 3.
504 ## - BIBLIOGRAPHY, ETC. NOTE
Bibliography, etc Includes bibliographical references.
505 0# - FORMATTED CONTENTS NOTE
Formatted contents note Assessing conflict outcomes : accountability and impunity / M. Cherif Bassiouni -- International guidelines on post-conflict justice : the Chicago Principles -- Conflict victimization and post-conflict justice 1945-2008 / Christopher Mullins -- Summary of regional and thematic studies / Eric Wiebelhaus-Brahm -- Statements of the Presidents of the ICJ and of the International Criminal Tribunals -- Justice versus revenge : the philosophical underpinnings of the Chicago Principles on post-conflict justice / Anja Matwijkiw -- Political philosophy and global principles of justice / Simon Caney -- International and domestic prosecutions / Nadia Bernaz and R�emy Prouv�eze -- The International Criminal Court / Christopher W. Mullins -- Mixed models of international criminal justice / M. Cherif Bassiouni -- Truth commissions and other investigative bodies / Eric Wiebelhaus-Brahm -- Victim's rights -- Lustration / Monika Nalepa -- Apologies / Mark Gibney -- Amnesties / Louise Mallinder -- Arab world -- Central and South America -- Africa -- Asia -- Europe -- Summary of the International Conference held at the Peace Palace, The Hague, June 8, 2009.
520 ## - SUMMARY, ETC.
Summary, etc This publication includes a survey of world conflicts that occurred between 1945 and 2008, the level of victimization they produced, and the subsequent post-conflict justice (PCJ) mechanisms which were applied. It is intended to show the scope of the problem faced by international criminal justice (ICJ), and how the International Criminal Court (ICC) needs to shape its mission and approach to address ICJ needs and expectations. -- From publisher's description.
610 20 - SUBJECT ADDED ENTRY--CORPORATE NAME
Corporate name or jurisdiction name as entry element International Criminal Court.
610 27 - SUBJECT ADDED ENTRY--CORPORATE NAME
Corporate name or jurisdiction name as entry element International Criminal Court.
Source of heading or term fast
650 #0 - SUBJECT ADDED ENTRY--TOPICAL TERM
Topical term or geographic name as entry element International crimes.
650 #0 - SUBJECT ADDED ENTRY--TOPICAL TERM
Topical term or geographic name as entry element Prosecution
General subdivision International cooperation.
9 (RLIN) 8572
650 #0 - SUBJECT ADDED ENTRY--TOPICAL TERM
Topical term or geographic name as entry element Judicial assistance.
650 #0 - SUBJECT ADDED ENTRY--TOPICAL TERM
Topical term or geographic name as entry element Transitional justice.
650 #0 - SUBJECT ADDED ENTRY--TOPICAL TERM
Topical term or geographic name as entry element Restorative justice.
650 #0 - SUBJECT ADDED ENTRY--TOPICAL TERM
Topical term or geographic name as entry element International criminal courts.
650 #7 - SUBJECT ADDED ENTRY--TOPICAL TERM
Topical term or geographic name as entry element International crimes.
Source of heading or term fast
650 #7 - SUBJECT ADDED ENTRY--TOPICAL TERM
Topical term or geographic name as entry element International criminal courts.
Source of heading or term fast
650 #7 - SUBJECT ADDED ENTRY--TOPICAL TERM
Topical term or geographic name as entry element Judicial assistance.
Source of heading or term fast
650 #7 - SUBJECT ADDED ENTRY--TOPICAL TERM
Topical term or geographic name as entry element Restorative justice.
Source of heading or term fast
650 #7 - SUBJECT ADDED ENTRY--TOPICAL TERM
Topical term or geographic name as entry element Transitional justice.
Source of heading or term fast
700 1# - ADDED ENTRY--PERSONAL NAME
Personal name Bassiouni, M. Cherif,
Dates associated with a name 1937-2017.
740 0# - ADDED ENTRY--UNCONTROLLED RELATED/ANALYTICAL TITLE
Uncontrolled related/analytical title Chicago principles on post-conflict justice.
776 08 - ADDITIONAL PHYSICAL FORM ENTRY
Display text Online version:
Title Pursuit of international criminal justice.
Place, publisher, and date of publication Antwerp ; Portland [Or.] : Intersentia, �2010
Record control number (OCoLC)795606734
942 ## - ADDED ENTRY ELEMENTS (KOHA)
Source of classification or shelving scheme Library of Congress Classification
Koha item type Books
Holdings
Home library Current library Date acquired Full call number Barcode Koha item type
African Court on Human and Peoples' Rights Library African Court on Human and Peoples' Rights Library 16/09/2020 KZ7139 .P87 2010 1020010X Books

African Court on Human and Peoples' Rights | For Inquiries Contact » +255 272 510 510